| 000 | 00593nam a2200217Ia 4500 | ||
|---|---|---|---|
| 003 | OSt | ||
| 005 | 20230411154544.0 | ||
| 008 | 210423s2018 xx 000 0 und d | ||
| 020 | _a9780670084463 | ||
| 040 | _cAL | ||
| 041 | _aeng | ||
| 082 |
_a294.513 _223 _bPATS |
||
| 100 |
_aPATTANAIK (Devdutt) _986354 |
||
| 245 | _aShyam: an illustrated retelling of the bhagavata | ||
| 260 |
_aHaryana _bPenguin Books Ltd _c2018 |
||
| 300 |
_axxiii,274 _bPB |
||
| 365 |
_b499 _cINR |
||
| 650 |
_aHinduism _986355 |
||
| 906 | _aan ; bhagavata ; illustrated ; retelling ; Shyam: | ||
| 942 |
_2ddc _cBK |
||
| 999 |
_c169687 _d169687 |
||